| 000 | 00647nam a2200169 i 4500 | ||
|---|---|---|---|
| 001 | 62359 | ||
| 003 | ES-MaACL | ||
| 005 | 20250831063034.0 | ||
| 007 | t| | ||
| 008 | 031120s1951 sp ||||1| spa d | ||
| 100 | 1 |
_aFeliu y Quadreny, Sebastián, _d1925-1987 _949206 |
|
| 245 | 1 | 0 |
_aNotas genealógicas sobre algunas familias mallorquinas extinguidas, con especificación de su representación en la actualidad / _cSebastián Feliu y Quadreny. |
| 260 |
_aMallorca : _b[s.n.], _c1951 ( _fTalls. de los misioneros de los SS.CC.) |
||
| 300 |
_a73 p., 7 lám. ; _c24 cm. |
||
| 852 |
_aES-MaACL _j1932-F-4 _bR.31929 |
||
| 999 |
_c62359 _d62359 |
||